[Event "Ciudad de Pamplona B"]
[Site "Pamplona ESP"]
[Date "2006.12.22"]
[Round "1.1"]
[White "Zamarbide Ibarrea, Borja"]
[Black "Monell Camarasa, David"]
[Result "0-1"]
[WhiteElo "2202"]
[BlackElo "2212"]
[PlyCount "90"]
[EventDate "2006.12.22"]
[EventType "tourn"]
[EventRounds "9"]
[EventCountry "ESP"]
[EventCategory "3"]
[Source ""]
[SourceDate "2006.12.22"]

1. e4 d5 2. exd5 Qxd5 3. Nc3 Qd8 4. Bc4 Nf6 5. d3 c6 6. Qe2 Bf5 7. Bg5 Nbd7 8.
h3 e6 9. g4 Bg6 10. f4 Be7 11. O-O-O h6 12. Bxf6 Nxf6 13. Re1 Qc7 14. f5 exf5
15. Nf3 b5 16. Bb3 b4 17. Nd1 Nd5 18. Bxd5 cxd5 19. Ne3 O-O-O 20. gxf5 Bh5 21.
Ng4 Rhe8 22. Qf2 Kb7 23. Kb1 Qf4 24. Qd2 Qxd2 25. Nxd2 Bh4 26. Rxe8 Rxe8 27.
Nf3 Bg3 28. a3 bxa3 29. bxa3 Kc6 30. Rg1 Bd6 31. Nd4+ Kd7 32. Rg2 Bxa3 33. Nb5
Bf8 34. c4 a6 35. Nc3 dxc4 36. dxc4 Kc6 37. Kc2 f6 38. Nd5 a5 39. Kd3 Rb8 40.
Nge3 a4 41. Ra2 a3 42. Kc3 Bf3 43. Nf4 Bb4+ 44. Kd3 Bc5 45. Ne6 Rb3+ 0-1

[Event "Ciudad de Pamplona B"]
[Site "Pamplona ESP"]
[Date "2006.12.22"]
[Round "1.2"]
[White "Kononenko, Tatiana"]
[Black "Vila Dupla, Aurelio"]
[Result "1-0"]
[WhiteElo "2375"]
[BlackElo "2208"]
[PlyCount "71"]
[EventDate "2006.12.22"]
[EventType "tourn"]
[EventRounds "9"]
[EventCountry "ESP"]
[EventCategory "3"]
[Source ""]
[SourceDate "2006.12.22"]

1. d4 Nf6 2. c4 g6 3. Nc3 d5 4. cxd5 Nxd5 5. Bd2 Bg7 6. e4 Nb6 7. Be3 O-O 8. h3
f5 9. exf5 Bxf5 10. Nf3 Nc6 11. Qb3+ Kh8 12. d5 Ne5 13. Nxe5 Bxe5 14. Rd1 a5
15. Bd3 Qd6 16. Bxf5 gxf5 17. O-O a4 18. Qc2 Qb4 19. Rfe1 Bf6 20. Bh6 Rg8 21.
Qxf5 Rg6 22. Bf4 a3 23. Ne4 axb2 24. Nxf6 exf6 25. Bxc7 Rag8 26. Bg3 Qc5 27.
Kh1 Nc4 28. Qc2 b5 29. d6 Qb4 30. d7 Na3 31. Qb3 Qxb3 32. axb3 Rd8 33. Bc7 Rxd7
34. Rxd7 b1=Q 35. Rxb1 Nxb1 36. Ba5 1-0

[Event "Ciudad de Pamplona B"]
[Site "Pamplona ESP"]
[Date "2006.12.22"]
[Round "1.3"]
[White "Glavina Rossi, Pablo"]
[Black "Llorente Zaro, Alfonso"]
[Result "0-1"]
[WhiteElo "2418"]
[BlackElo "2419"]
[PlyCount "80"]
[EventDate "2006.12.22"]
[EventType "tourn"]
[EventRounds "9"]
[EventCountry "ESP"]
[EventCategory "3"]
[Source ""]
[SourceDate "2006.12.22"]

1. e4 e5 2. Bc4 Nf6 3. d3 c6 4. Nf3 Be7 5. O-O d6 6. Nbd2 Nbd7 7. a3 O-O 8. Re1
Nc5 9. b4 Ne6 10. Nf1 b5 11. Ba2 a5 12. Bd2 axb4 13. axb4 Qc7 14. Ng3 g6 15. d4
exd4 16. Bh6 Re8 17. Nxd4 Bd7 18. c3 c5 19. bxc5 dxc5 20. Nxe6 Bxe6 21. e5 Rxa2
22. Rxa2 Ng4 23. Bc1 Bxa2 24. Qxg4 Qc8 25. Qf4 Bd5 26. h4 h5 27. Ne4 Bxe4 28.
Qxe4 Qe6 29. Rd1 Qg4 30. Qxg4 hxg4 31. Rd5 Rd8 32. Rxd8+ Bxd8 33. g3 Bc7 34.
Bf4 f6 35. Kf1 Bxe5 36. Bd2 Kf7 37. Ke2 Ke6 38. Kd3 Kd5 39. Be1 f5 40. Bd2 Bg7
0-1

[Event "Ciudad de Pamplona B"]
[Site "Pamplona ESP"]
[Date "2006.12.22"]
[Round "1.4"]
[White "Lopez Gracia, Fernando"]
[Black "Huerga Leache, Mikel"]
[Result "0-1"]
[WhiteElo "2348"]
[BlackElo "2315"]
[PlyCount "64"]
[EventDate "2006.12.22"]
[EventType "tourn"]
[EventRounds "9"]
[EventCountry "ESP"]
[EventCategory "3"]
[Source ""]
[SourceDate "2006.12.22"]

1. e4 e6 2. d4 d5 3. e5 c5 4. c3 Qb6 5. Nf3 Nc6 6. a3 Nh6 7. b4 cxd4 8. cxd4
Nf5 9. Bb2 Bd7 10. g4 Nfe7 11. Nc3 Na5 12. Na4 Qc6 13. Nc5 Nc4 14. Qb3 h5 15.
g5 Rc8 16. Rc1 Ng6 17. Rg1 Be7 18. h4 b6 19. Nxd7 Kxd7 20. Bxc4 dxc4 21. Qe3
Qd5 22. Ke2 a5 23. Bc3 axb4 24. Bxb4 Bxb4 25. axb4 Ra8 26. Ra1 Ne7 27. Rgc1 Nf5
28. Qf4 g6 29. Kf1 Rxa1 30. Rxa1 Ra8 31. Rd1 Ra3 32. Nd2 Rd3 0-1

[Event "Ciudad de Pamplona B"]
[Site "Pamplona ESP"]
[Date "2006.12.22"]
[Round "1.5"]
[White "Alexandrova, Olga"]
[Black "Navarro Cia, Miguel"]
[Result "1/2-1/2"]
[WhiteElo "2371"]
[BlackElo "2297"]
[PlyCount "48"]
[EventDate "2006.12.22"]
[EventType "tourn"]
[EventRounds "9"]
[EventCountry "ESP"]
[EventCategory "3"]
[Source ""]
[SourceDate "2006.12.22"]

1. c4 g6 2. Nc3 Bg7 3. d4 f5 4. g3 Nf6 5. Bg2 O-O 6. Nf3 d6 7. O-O Qe8 8. d5 a5
9. Rb1 h6 10. Nd4 Na6 11. b3 g5 12. Bb2 f4 13. Qd2 Qh5 14. Ncb5 Bh3 15. f3 fxg3
16. hxg3 g4 17. Rf2 Ne4 18. fxe4 Rxf2 19. Kxf2 Bxg2 20. Kxg2 Qh3+ 21. Kg1 Qxg3+
22. Kh1 Qh3+ 23. Kg1 Qg3+ 24. Kh1 Qh3+ 1/2-1/2

[Event "Ciudad de Pamplona B"]
[Site "Pamplona ESP"]
[Date "2006.12.23"]
[Round "2.1"]
[White "Monell Camarasa, David"]
[Black "Navarro Cia, Miguel"]
[Result "1/2-1/2"]
[WhiteElo "2212"]
[BlackElo "2297"]
[PlyCount "183"]
[EventDate "2006.12.22"]
[EventType "tourn"]
[EventRounds "9"]
[EventCountry "ESP"]
[EventCategory "3"]
[Source ""]
[SourceDate "2006.12.22"]

1. d4 f5 2. Nf3 Nf6 3. g3 g6 4. Bg2 Bg7 5. O-O O-O 6. c4 d6 7. b4 e5 8. dxe5
dxe5 9. Nxe5 Qxd1 10. Rxd1 Nfd7 11. Bd5+ Kh8 12. Nf7+ Rxf7 13. Bxf7 Nc6 14. b5
Bxa1 15. bxc6 bxc6 16. Bf4 Ne5 17. Rd8+ Kg7 18. Be6 Bb7 19. Rxa8 Bxa8 20. Nd2
Kf6 21. Bg8 Bb7 22. e4 Bc8 23. c5 Bc3 24. Kg2 Nd3 25. Be3 Ne1+ 26. Kf1 Nc2 27.
Bh6 Ba6+ 28. Kg1 Ne1 29. Nb3 fxe4 30. h4 Nf3+ 31. Kg2 Bc8 32. Bxh7 Bg4 33. Bg8
a5 34. Bf4 a4 35. Nc1 Bb2 36. Bc4 Kf5 37. Be3 Ne1+ 38. Kf1 Nc2 39. Bf4 Be5 40.
Bh6 Bd4 41. Bf8 Kf6 42. Ne2 Be5 43. Bh6 Na3 44. Bg5+ Kg7 45. Ba6 Kf7 46. Be3
Nc2 47. Bd2 Be6 48. Nc1 Ke7 49. Be2 Bd4 50. Bd1 Bc4+ 51. Kg2 e3 52. Ba5 exf2
53. Be2 Bxe2 54. Nxe2 Ne3+ 55. Kxf2 Nc4+ 56. Nxd4 Nxa5 57. Kf3 Kf6 58. Kf4 Nb7
59. g4 Nxc5 60. g5+ Kf7 61. Nxc6 a3 62. Ne5+ Kg7 63. Ke3 Nb3 64. Nc4 Nc1 65.
Nxa3 Nxa2 66. Nb5 c6 67. Nd4 Nb4 68. Ke4 Kf7 69. Nf3 Kg7 70. Kd4 Nd5 71. Kc5
Ne7 72. Kd6 Nf5+ 73. Kxc6 Kf8 74. Kd5 Ke7 75. Ke5 Ne3 76. Kf4 Nd5+ 77. Ke4 Kd6
78. Kd4 Nf4 79. Ke3 Nd5+ 80. Ke4 Nc3+ 81. Kd4 Nb5+ 82. Ke3 Kd5 83. Kf4 Nc7 84.
Nd2 Ne6+ 85. Kg4 Ng7 86. Nf1 Ke4 87. Ng3+ Ke5 88. h5 gxh5+ 89. Nxh5 Nf5 90. g6
Ne7 91. g7 Nf5 92. Kg5 1/2-1/2

[Event "Ciudad de Pamplona B"]
[Site "Pamplona ESP"]
[Date "2006.12.23"]
[Round "2.2"]
[White "Huerga Leache, Mikel"]
[Black "Alexandrova, Olga"]
[Result "1/2-1/2"]
[WhiteElo "2315"]
[BlackElo "2371"]
[PlyCount "84"]
[EventDate "2006.12.22"]
[EventType "tourn"]
[EventRounds "9"]
[EventCountry "ESP"]
[EventCategory "3"]
[Source ""]
[SourceDate "2006.12.22"]

1. e4 e6 2. d4 d5 3. Nc3 dxe4 4. Nxe4 Nd7 5. Nf3 Ngf6 6. Nxf6+ Nxf6 7. Bg5 h6
8. Bh4 c5 9. dxc5 Qa5+ 10. Qd2 Qxd2+ 11. Nxd2 Bxc5 12. O-O-O Bd7 13. Nc4 g5 14.
Bg3 Ne4 15. Ne5 Ba4 16. Nd3 Nxg3 17. hxg3 Bd6 18. Be2 Rc8 19. b3 Bc6 20. Bf3
Bxf3 21. gxf3 h5 22. Rh3 Be7 23. Rdh1 h4 24. gxh4 gxh4 25. Rg1 Bf6 26. Rg4 Ke7
27. Ra4 a6 28. Kd2 Rhg8 29. Rg4 Rxg4 30. fxg4 Rg8 31. f3 Kd6 32. c4 Be7 33. Ke3
f5 34. Nf2 fxg4 35. fxg4 Bg5+ 36. Ke4 Bf6 37. Ke3 Ke7 38. Kf3 Bd4 39. Nd3 Bf6
40. Nf4 Bd4 41. Nd3 Bf6 42. Nf2 Bd4 1/2-1/2

[Event "Ciudad de Pamplona B"]
[Site "Pamplona ESP"]
[Date "2006.12.23"]
[Round "2.3"]
[White "Llorente Zaro, Alfonso"]
[Black "Lopez Gracia, Fernando"]
[Result "1-0"]
[WhiteElo "2419"]
[BlackElo "2348"]
[PlyCount "25"]
[EventDate "2006.12.22"]
[EventType "tourn"]
[EventRounds "9"]
[EventCountry "ESP"]
[EventCategory "3"]
[Source ""]
[SourceDate "2006.12.22"]

1. d4 Nf6 2. Bg5 e6 3. e4 h6 4. Bxf6 Qxf6 5. Nc3 d6 6. Qd2 g5 7. O-O-O Nc6 8.
Bb5 Bd7 9. e5 dxe5 10. d5 exd5 11. Nxd5 Qd6 12. Nf6+ Ke7 13. Nxd7 1-0

[Event "Ciudad de Pamplona B"]
[Site "Pamplona ESP"]
[Date "2006.12.23"]
[Round "2.4"]
[White "Vila Dupla, Aurelio"]
[Black "Glavina Rossi, Pablo"]
[Result "0-1"]
[WhiteElo "2208"]
[BlackElo "2418"]
[PlyCount "62"]
[EventDate "2006.12.22"]
[EventType "tourn"]
[EventRounds "9"]
[EventCountry "ESP"]
[EventCategory "3"]
[Source ""]
[SourceDate "2006.12.22"]

1. Nf3 c5 2. c4 Nc6 3. Nc3 Nd4 4. e3 Nxf3+ 5. Qxf3 g6 6. b3 Bg7 7. Bb2 d6 8. h3
Rb8 9. O-O-O a6 10. Bd3 Bd7 11. a4 Nf6 12. Kc2 Bc6 13. Nd5 O-O 14. Bxf6 exf6
15. g4 b5 16. axb5 axb5 17. Rb1 Re8 18. h4 Re5 19. Nxf6+ Qxf6 20. Qxc6 bxc4 21.
bxc4 Ree8 22. Rb5 Ra8 23. f4 Ra2+ 24. Kd1 Qe6 25. g5 Bc3 26. Bc2 Bxd2 27. Rb3
Bxe3 28. f5 gxf5 29. Bxf5 Rd2+ 30. Ke1 Qe5 31. Qd5 Qg3+ 0-1

[Event "Ciudad de Pamplona B"]
[Site "Pamplona ESP"]
[Date "2006.12.23"]
[Round "2.5"]
[White "Zamarbide Ibarrea, Borja"]
[Black "Kononenko, Tatiana"]
[Result "0-1"]
[WhiteElo "2202"]
[BlackElo "2375"]
[PlyCount "70"]
[EventDate "2006.12.22"]
[EventType "tourn"]
[EventRounds "9"]
[EventCountry "ESP"]
[EventCategory "3"]
[Source ""]
[SourceDate "2006.12.22"]

1. f4 d5 2. e3 g6 3. Nf3 Bg7 4. d4 Nh6 5. Bd3 c5 6. c3 Qc7 7. O-O O-O 8. b4
cxb4 9. cxb4 Bf5 10. Bb2 Nd7 11. Ne5 Nb6 12. Nc3 Bxd3 13. Qxd3 Nf5 14. Rac1 Qd8
15. g4 Nd6 16. f5 Ndc4 17. Nxc4 Nxc4 18. Ba1 Rc8 19. Ne2 e6 20. fxe6 fxe6 21.
Rxf8+ Qxf8 22. Nf4 Bh6 23. Rf1 Qxb4 24. Bc3 Qe7 25. Nxg6 hxg6 26. Qxg6+ Bg7 27.
Bb4 Qd7 28. h4 a5 29. h5 axb4 30. h6 Nd6 31. Rf3 Rc1+ 32. Kg2 Rc8 33. hxg7 Re8
34. Qg5 Qxg7 35. Qh5 Rf8 0-1

[Event "Ciudad de Pamplona B"]
[Site "Pamplona ESP"]
[Date "2006.12.23"]
[Round "3.1"]
[White "Kononenko, Tatiana"]
[Black "Monell Camarasa, David"]
[Result "1/2-1/2"]
[WhiteElo "2375"]
[BlackElo "2212"]
[PlyCount "74"]
[EventDate "2006.12.22"]
[EventType "tourn"]
[EventRounds "9"]
[EventCountry "ESP"]
[EventCategory "3"]
[Source ""]
[SourceDate "2006.12.22"]

1. d4 d5 2. c4 c6 3. Nc3 Nf6 4. e3 e6 5. Nf3 Nbd7 6. Qc2 a6 7. a4 Bd6 8. Bd3
dxc4 9. Bxc4 O-O 10. O-O Qc7 11. b3 e5 12. h3 exd4 13. Nxd4 Ne5 14. Be2 Rd8 15.
Bb2 c5 16. Nf5 Bf8 17. Ng3 Be6 18. Nce4 Nxe4 19. Qxe4 Ng6 20. Bc4 Re8 21. Qc2
Rac8 22. Qc3 Ne5 23. Bxe6 Rxe6 24. f4 Nd7 25. e4 c4 26. bxc4 Qxc4 27. Qxc4 Rxc4
28. e5 Bc5+ 29. Kh2 Rc2 30. Ba3 Bxa3 31. Rxa3 g5 32. Rd1 gxf4 33. Rxd7 fxg3+
34. Rxg3+ Rg6 35. Rxg6+ hxg6 36. Rxb7 Rc4 37. e6 fxe6 1/2-1/2

[Event "Ciudad de Pamplona B"]
[Site "Pamplona ESP"]
[Date "2006.12.23"]
[Round "3.2"]
[White "Glavina Rossi, Pablo"]
[Black "Zamarbide Ibarrea, Borja"]
[Result "1-0"]
[WhiteElo "2418"]
[BlackElo "2202"]
[PlyCount "103"]
[EventDate "2006.12.22"]
[EventType "tourn"]
[EventRounds "9"]
[EventCountry "ESP"]
[EventCategory "3"]
[Source ""]
[SourceDate "2006.12.22"]

1. Nf3 e6 2. d4 f5 3. h3 Nf6 4. g4 d5 5. Bf4 Bd6 6. Bxd6 Qxd6 7. c3 Nc6 8. e3
fxg4 9. hxg4 e5 10. g5 Ne4 11. Nbd2 exd4 12. Nxd4 Nxd4 13. Nxe4 dxe4 14. Qxd4
Qxd4 15. cxd4 Bf5 16. Rc1 c6 17. Rc5 O-O 18. Rh4 Rae8 19. b4 Kh8 20. Bg2 Kg8
21. a4 g6 22. a5 Re7 23. Kf1 Rd8 24. Kg1 Rd5 25. Kh2 b6 26. axb6 axb6 27. Rxc6
Rb5 28. Rc4 Be6 29. Rxe4 Rxg5 30. Rxe6 Rxe6 31. d5 Rd6 32. e4 Rh5+ 33. Kg1 Rg5
34. b5 Kf7 35. Rc7+ Ke8 36. Rxh7 Rd7 37. Rh8+ Ke7 38. f4 Rg4 39. Kf2 Rxf4+ 40.
Ke3 Rf8 41. Rh7+ Ke8 42. Rxd7 Kxd7 43. e5 Ra8 44. Bh3+ Kd8 45. Kf4 Ra5 46. Bf1
Ra3 47. d6 Ra4+ 48. Ke3 g5 49. e6 g4 50. Bg2 Ra1 51. e7+ Kd7 52. Bc6+ 1-0

[Event "Ciudad de Pamplona B"]
[Site "Pamplona ESP"]
[Date "2006.12.23"]
[Round "3.3"]
[White "Lopez Gracia, Fernando"]
[Black "Vila Dupla, Aurelio"]
[Result "0-1"]
[WhiteElo "2348"]
[BlackElo "2208"]
[PlyCount "54"]
[EventDate "2006.12.22"]
[EventType "tourn"]
[EventRounds "9"]
[EventCountry "ESP"]
[EventCategory "3"]
[Source ""]
[SourceDate "2006.12.22"]

1. e4 c5 2. Nf3 d6 3. d4 cxd4 4. Nxd4 Nf6 5. Nc3 g6 6. Be3 Bg7 7. f3 O-O 8. Qd2
Nc6 9. Bc4 Bd7 10. O-O-O Ne5 11. Bb3 Rc8 12. Kb1 Re8 13. h4 Qa5 14. h5 Nxh5 15.
Bh6 Bxh6 16. Qxh6 Rxc3 17. bxc3 Nf6 18. g4 Qxc3 19. g5 Nh5 20. Rxh5 gxh5 21.
Nf5 Bxf5 22. exf5 Qxf3 23. g6 Qxd1+ 24. Kb2 hxg6 25. fxg6 Qd4+ 26. c3 Qf2+ 27.
Ka3 Qf6 0-1

[Event "Ciudad de Pamplona B"]
[Site "Pamplona ESP"]
[Date "2006.12.23"]
[Round "3.4"]
[White "Alexandrova, Olga"]
[Black "Llorente Zaro, Alfonso"]
[Result "1/2-1/2"]
[WhiteElo "2371"]
[BlackElo "2419"]
[PlyCount "28"]
[EventDate "2006.12.22"]
[EventType "tourn"]
[EventRounds "9"]
[EventCountry "ESP"]
[EventCategory "3"]
[Source ""]
[SourceDate "2006.12.22"]

1. d4 Nf6 2. c4 c5 3. d5 e5 4. Nc3 d6 5. e4 Be7 6. Be2 Nbd7 7. Nf3 Nf8 8. O-O
Ng6 9. Ne1 O-O 10. Nd3 Ne8 11. Bg4 Bg5 12. Bxc8 Rxc8 13. Qg4 Bxc1 14. Raxc1 Nf6
1/2-1/2

[Event "Ciudad de Pamplona B"]
[Site "Pamplona ESP"]
[Date "2006.12.23"]
[Round "3.5"]
[White "Navarro Cia, Miguel"]
[Black "Huerga Leache, Mikel"]
[Result "0-1"]
[WhiteElo "2297"]
[BlackElo "2315"]
[PlyCount "98"]
[EventDate "2006.12.22"]
[EventType "tourn"]
[EventRounds "9"]
[EventCountry "ESP"]
[EventCategory "3"]
[Source ""]
[SourceDate "2006.12.22"]

1. e4 d5 2. exd5 Nf6 3. d4 Bg4 4. f3 Bf5 5. Bb5+ Nbd7 6. Nc3 a6 7. Ba4 b5 8.
Bb3 Nb6 9. Nge2 Nbxd5 10. Nxd5 Nxd5 11. Ng3 Bc8 12. a4 b4 13. O-O g6 14. f4 e6
15. Qf3 c6 16. c4 bxc3 17. bxc3 Rb8 18. Rb1 Bg7 19. Kh1 O-O 20. Ba3 Re8 21. Ne4
a5 22. Nd6 Bf8 23. f5 Bxd6 24. fxg6 f5 25. Bxd6 Qxd6 26. c4 Nf6 27. gxh7+ Kh8
28. Rbd1 Ng4 29. g3 c5 30. d5 exd5 31. Rxd5 Qe7 32. Bc2 Ne3 33. Re1 Bb7 34.
Bxf5 Bxd5 35. cxd5 Rbd8 36. Bg6 Qf8 37. Qxf8+ Rxf8 38. Rxe3 Rxd5 39. h4 Rd2 40.
Kg1 Ra2 41. h5 Rd8 42. Re1 c4 43. Bf7 Rc2 44. g4 c3 45. g5 Rcd2 46. g6 c2 47.
h6 Rd1 48. Bg8 Rxe1+ 49. Kf2 Re7 0-1

[Event "Ciudad de Pamplona B"]
[Site "Pamplona ESP"]
[Date "2006.12.24"]
[Round "4.1"]
[White "Monell Camarasa, David"]
[Black "Huerga Leache, Mikel"]
[Result "1/2-1/2"]
[WhiteElo "2212"]
[BlackElo "2315"]
[PlyCount "40"]
[EventDate "2006.12.22"]
[EventType "tourn"]
[EventRounds "9"]
[EventCountry "ESP"]
[EventCategory "3"]
[Source ""]
[SourceDate "2006.12.22"]

1. d4 d5 2. c4 c6 3. Nf3 Nf6 4. Nc3 a6 5. cxd5 cxd5 6. Bf4 Nc6 7. e3 Qb6 8. Qd2
Bf5 9. Be2 e6 10. O-O Bb4 11. Bd3 O-O 12. a3 Bxc3 13. bxc3 Ne4 14. Qc2 Na5 15.
Ng5 Nxg5 16. Bxf5 exf5 17. Bxg5 Qg6 18. Bf4 Rfc8 19. Rab1 Rc4 20. Rb4 Rac8
1/2-1/2

[Event "Ciudad de Pamplona B"]
[Site "Pamplona ESP"]
[Date "2006.12.24"]
[Round "4.2"]
[White "Llorente Zaro, Alfonso"]
[Black "Navarro Cia, Miguel"]
[Result "1/2-1/2"]
[WhiteElo "2419"]
[BlackElo "2297"]
[PlyCount "25"]
[EventDate "2006.12.22"]
[EventType "tourn"]
[EventRounds "9"]
[EventCountry "ESP"]
[EventCategory "3"]
[Source ""]
[SourceDate "2006.12.22"]

1. d4 d5 2. c4 c6 3. Nf3 Nf6 4. Nc3 dxc4 5. a4 Bf5 6. Ne5 e6 7. f3 c5 8. e4 Bg6
9. Be3 cxd4 10. Qxd4 Qxd4 11. Bxd4 Nfd7 12. Nxd7 Nxd7 13. Bxc4 1/2-1/2

[Event "Ciudad de Pamplona B"]
[Site "Pamplona ESP"]
[Date "2006.12.24"]
[Round "4.3"]
[White "Vila Dupla, Aurelio"]
[Black "Alexandrova, Olga"]
[Result "0-1"]
[WhiteElo "2208"]
[BlackElo "2371"]
[PlyCount "90"]
[EventDate "2006.12.22"]
[EventType "tourn"]
[EventRounds "9"]
[EventCountry "ESP"]
[EventCategory "3"]
[Source ""]
[SourceDate "2006.12.22"]

1. Nf3 Nf6 2. c4 c5 3. Nc3 Nc6 4. d4 cxd4 5. Nxd4 g6 6. g3 d6 7. Bg2 Bd7 8. b3
Qa5 9. Bb2 Bg7 10. O-O Qh5 11. e3 Bg4 12. f3 Bd7 13. Nc2 O-O 14. Nd5 Nxd5 15.
Bxg7 Nxe3 16. Nxe3 Kxg7 17. Nd5 e6 18. Nc3 Qc5+ 19. Rf2 d5 20. Na4 Qd6 21. f4
Ne7 22. Qd4+ f6 23. cxd5 exd5 24. Rd1 Bg4 25. Rdd2 b6 26. Nc3 Rad8 27. Qa4 Qc5
28. Ne2 Qe3 29. Nd4 Rc8 30. Nc2 Qc5 31. h3 Bf5 32. Nd4 Rc7 33. g4 Qc1+ 34. Kh2
Bd7 35. Qb4 Qc5 36. Nc2 Be6 37. Qd4 Bf7 38. Rfe2 Rd8 39. Ne3 Qxd4 40. Rxd4 Nc6
41. Rc2 Nxd4 42. Rxc7 Nb5 43. Rb7 Nc3 44. Rxa7 d4 45. Rc7 Nb5 0-1

[Event "Ciudad de Pamplona B"]
[Site "Pamplona ESP"]
[Date "2006.12.24"]
[Round "4.4"]
[White "Zamarbide Ibarrea, Borja"]
[Black "Lopez Gracia, Fernando"]
[Result "1/2-1/2"]
[WhiteElo "2202"]
[BlackElo "2348"]
[PlyCount "30"]
[EventDate "2006.12.22"]
[EventType "tourn"]
[EventRounds "9"]
[EventCountry "ESP"]
[EventCategory "3"]
[Source ""]
[SourceDate "2006.12.22"]

1. e4 c5 2. Nf3 e6 3. b3 a6 4. Bb2 Nc6 5. Be2 d5 6. exd5 exd5 7. d4 Nf6 8. O-O
cxd4 9. Nxd4 Bc5 10. Bf3 O-O 11. Nxc6 bxc6 12. Bd4 Bxd4 13. Qxd4 Bf5 14. Nd2
Rc8 15. c4 Qa5 1/2-1/2

[Event "Ciudad de Pamplona B"]
[Site "Pamplona ESP"]
[Date "2006.12.24"]
[Round "4.5"]
[White "Kononenko, Tatiana"]
[Black "Glavina Rossi, Pablo"]
[Result "1/2-1/2"]
[WhiteElo "2375"]
[BlackElo "2418"]
[PlyCount "57"]
[EventDate "2006.12.22"]
[EventType "tourn"]
[EventRounds "9"]
[EventCountry "ESP"]
[EventCategory "3"]
[Source ""]
[SourceDate "2006.12.22"]

1. d4 Nf6 2. c4 c5 3. d5 e6 4. Nc3 exd5 5. cxd5 d6 6. Nf3 g6 7. Nd2 Nbd7 8. e4
Bg7 9. Be2 O-O 10. O-O Re8 11. Re1 a6 12. a4 Rb8 13. Qc2 Nh5 14. Nc4 Ne5 15.
Ne3 Nf4 16. Bf1 Qh4 17. Kh1 Nf3 18. gxf3 Be5 19. Nc4 Nd3 20. f4 Nxe1 21. Qe2
Bxc3 22. bxc3 Bg4 23. Qxe1 Bf3+ 24. Bg2 Bxg2+ 25. Kxg2 Qg4+ 26. Kf1 Qh3+ 27.
Kg1 Qg4+ 28. Kf1 Qh3+ 29. Kg1 1/2-1/2

[Event "Ciudad de Pamplona B"]
[Site "Pamplona ESP"]
[Date "2006.12.26"]
[Round "5.1"]
[White "Glavina Rossi, Pablo"]
[Black "Monell Camarasa, David"]
[Result "1/2-1/2"]
[WhiteElo "2418"]
[BlackElo "2212"]
[PlyCount "56"]
[EventDate "2006.12.22"]
[EventType "tourn"]
[EventRounds "9"]
[EventCountry "ESP"]
[EventCategory "3"]
[Source ""]
[SourceDate "2006.12.22"]

1. Nf3 Nf6 2. g3 d5 3. Bg2 c6 4. O-O Bf5 5. d3 e6 6. Nh4 Bg6 7. Nxg6 hxg6 8. c4
dxc4 9. dxc4 Qxd1 10. Rxd1 Bc5 11. h3 Nbd7 12. Nc3 Nb6 13. b3 O-O 14. Kf1 Rfd8
15. Rxd8+ Rxd8 16. Bg5 Bd4 17. Rd1 Rd7 18. Ne4 Kf8 19. Bc1 Nxe4 20. Bxe4 Ke8
21. e3 Bf6 22. Ke2 Rxd1 23. Kxd1 Bc3 24. Kc2 Be1 25. f4 Bxg3 26. Bb2 f5 27. Bg2
Kf7 28. Bd4 Bh4 1/2-1/2

[Event "Ciudad de Pamplona B"]
[Site "Pamplona ESP"]
[Date "2006.12.26"]
[Round "5.2"]
[White "Lopez Gracia, Fernando"]
[Black "Kononenko, Tatiana"]
[Result "1/2-1/2"]
[WhiteElo "2348"]
[BlackElo "2375"]
[PlyCount "45"]
[EventDate "2006.12.22"]
[EventType "tourn"]
[EventRounds "9"]
[EventCountry "ESP"]
[EventCategory "3"]
[Source ""]
[SourceDate "2006.12.22"]

1. e4 e6 2. d4 d5 3. Nd2 c5 4. exd5 exd5 5. Ngf3 Nf6 6. Bb5+ Bd7 7. Bxd7+ Nbxd7
8. O-O Be7 9. dxc5 Nxc5 10. Nb3 Nce4 11. Nfd4 Qd7 12. f3 Nd6 13. Nc5 Qc7 14.
Nd3 O-O 15. Bf4 Qb6 16. Be3 Nc4 17. Bf2 Qc7 18. Nf5 Bd8 19. b3 Nd6 20. Nxd6
Qxd6 21. Qd2 Rc8 22. Rfe1 Bb6 23. c3 1/2-1/2

[Event "Ciudad de Pamplona B"]
[Site "Pamplona ESP"]
[Date "2006.12.26"]
[Round "5.3"]
[White "Alexandrova, Olga"]
[Black "Zamarbide Ibarrea, Borja"]
[Result "1-0"]
[WhiteElo "2371"]
[BlackElo "2202"]
[PlyCount "95"]
[EventDate "2006.12.22"]
[EventType "tourn"]
[EventRounds "9"]
[EventCountry "ESP"]
[EventCategory "3"]
[Source ""]
[SourceDate "2006.12.22"]

1. d4 e6 2. Nf3 f5 3. g3 b6 4. d5 Bd6 5. Nc3 Bb7 6. Bg5 Nf6 7. dxe6 dxe6 8. Nb5
O-O 9. Nxd6 cxd6 10. Bg2 Qc7 11. O-O Nbd7 12. Rc1 Ne4 13. Be3 Ndf6 14. Nd4 Qd7
15. c4 Ng4 16. Bd2 e5 17. Nb3 f4 18. gxf4 exf4 19. Nd4 Ng5 20. f3 Ne5 21. h4
Ngf7 22. Bxf4 Ng6 23. Bg3 Nfe5 24. Qd2 Rad8 25. Kh2 Qf7 26. Bh3 Bc8 27. Bxc8
Rxc8 28. b3 h6 29. Nb5 Nxh4 30. Bxh4 Qh5 31. Kg3 g5 32. Bxg5 hxg5 33. Qd5+ Nf7
34. Rh1 Qg6 35. Nd4 Rce8 36. Nf5 g4 37. Nh6+ Kg7 38. Qd4+ Re5 39. Nxg4 Ng5 40.
Rh6 Qf5 41. Qxd6 Ne4+ 42. fxe4 Qf4+ 43. Kh4 Qg5+ 44. Kg3 Rxe4 45. Qd7+ Rf7 46.
Rh7+ Kxh7 47. Qxf7+ Kh8 48. Qf6+ 1-0

[Event "Ciudad de Pamplona B"]
[Site "Pamplona ESP"]
[Date "2006.12.26"]
[Round "5.4"]
[White "Navarro Cia, Miguel"]
[Black "Vila Dupla, Aurelio"]
[Result "1/2-1/2"]
[WhiteElo "2297"]
[BlackElo "2208"]
[PlyCount "107"]
[EventDate "2006.12.22"]
[EventType "tourn"]
[EventRounds "9"]
[EventCountry "ESP"]
[EventCategory "3"]
[Source ""]
[SourceDate "2006.12.22"]

1. e4 c5 2. Nf3 d6 3. d4 cxd4 4. Nxd4 Nf6 5. Nc3 g6 6. Be3 Bg7 7. f3 O-O 8. Qd2
Nc6 9. O-O-O Nxd4 10. Bxd4 Be6 11. Kb1 Qc7 12. h4 Rfc8 13. h5 Qa5 14. hxg6 hxg6
15. a3 Bc4 16. Rh3 Bxf1 17. Rxf1 Rc4 18. Rfh1 Rac8 19. g4 e5 20. Qh2 Kf8 21.
Be3 Rxc3 22. bxc3 Rc6 23. Qe2 Qxa3 24. Qb5 Qxc3 25. Qb3 Qxb3+ 26. cxb3 a6 27.
Rc1 Rxc1+ 28. Kxc1 Ne8 29. g5 Ke7 30. Rh2 Kd7 31. Kc2 Kc6 32. Kd3 b5 33. Kc3
Nc7 34. Rh7 Ne6 35. Kb4 d5 36. exd5+ Kxd5 37. Ka5 e4 38. fxe4+ Kxe4 39. Bb6
Bc3+ 40. Kxa6 b4 41. Rxf7 Nxg5 42. Rf8 Nf3 43. Kb5 g5 44. Bc5 g4 45. Rg8 Kf4
46. Bxb4 Nd4+ 47. Kc4 Bxb4 48. Kxd4 g3 49. Kc4 Ba3 50. Kd3 Kf3 51. Rg7 g2 52.
Rf7+ Kg3 53. Rg7+ Kf2 54. Rf7+ 1/2-1/2